00598 a2200181 450000100060000002000150000604000220002110000250004324000340006824500290010230000070013136200090013865000230014794200070017095201130017795201090029099900170039956896 a850205726X cAnchieta - Pituba aAguiar, Luiz Antonio10aO cavaleiro das palavraslpor10aO cavaleiro das palavras a790 a2006 4aLiteratura juvenil cBK 00104070a91.1b91.1d2023-11-21l0oLJ 028.5 A282c AGU CAVp6615/PITr2023-11-21 18:24:28w2023-11-21yBK 00102ddc4070a57.2b57.2d2024-05-02l0pnt105r2024-05-02 20:39:54w2024-05-02yBKzEstante Brancau c56896d56896